| 000 -LEADER |
| fixed length control field |
00419nam a22001097a 4500 |
| 008 - FIXED-LENGTH DATA ELEMENTS--GENERAL INFORMATION |
| fixed length control field |
150928b xxu||||| |||| 00| 0 eng d |
| 100 ## - MAIN ENTRY--AUTHOR'S NAME |
| Author's Name |
Regeling, Henry |
| 245 ## - TITLE STATEMENT |
| Title |
Service Stamps of Denmark 1871 - 1923 |
| 260 ## - PUBLICATION, DISTRIBUTION, ETC. (IMPRINT) |
| Place of publication, distribution, etc. |
Copenhagen, Denmark |
| Name of publisher, distributor, etc. |
Copenhagen’s Philatelist Club |
| Date of publication, distribution, etc. |
1999 |
| 500 ## - GENERAL NOTE |
| Materials specified |
bilingual-text, specialized handbook on “TJENESTE FRIMARKE” (official stamps), hardbound (2 copies) |
| 650 ## - TOPICAL TERM (Tag) |
| Topical term or geographic name |
official stamps |